| 000 | 01133pam a2200373 a 4500 | ||
|---|---|---|---|
| 001 | 2560 | ||
| 003 | FISKH | ||
| 005 | 20240606100954.0 | ||
| 008 | 870901s1988 nyua j 000 1 eng | ||
| 010 | _a 87024761 | ||
| 020 | _a0531057496 | ||
| 020 | _a0531083497 (lib. bdg.) | ||
| 020 | _a9780439786621 | ||
| 040 |
_aDLC _cDLC _dDLC _beng |
||
| 042 | _alcac | ||
| 050 | 0 | 0 |
_aPZ7.P2843 _bIs 1988 |
| 082 | 0 | 0 |
_a[Fic] _219 |
| 100 | 1 | _aPaulsen, Gary. | |
| 245 | 1 | 4 |
_aThe island / _cGary Paulsen. |
| 250 | _aFirst Point paperback printing, January 2006 | ||
| 260 |
_aNew York : _bScholastic, _c1988. |
||
| 300 |
_a202 pages : _c18 cm |
||
| 500 | _a"A Richard Jackson book"--Half t.p. | ||
| 505 | _aU | ||
| 520 | _aFifteen-year-old Wil discovers himself and the wonders of nature when he leaves home to live on an island in northern Wisconsin. | ||
| 521 | 8 |
_a970
_bLexile |
|
| 521 | 8 |
_aU
_bRaz-Plus |
|
| 650 | 1 |
_aIdentity _xFiction. |
|
| 650 | 1 |
_aNature _xFiction. |
|
| 650 | 1 |
_aIslands _xFiction. |
|
| 651 | 1 |
_aWisconsin _xFiction. |
|
| 906 |
_a7 _bcbc _corignew _d1 _eocip _f19 _gy-gencatlg |
||
| 942 |
_2ddc _cBK _n0 |
||
| 999 |
_c2560 _d2560 |
||